Top 20 Most Spoken Languages in the World - Statistics

General Stats
  • This quiz has been taken 155 times
  • The average score is 14 of 20
Answer Stats
Hint Answer % Correct
1.4+ Billion Speakers English
100%
548+ Millions Speakers Spanish
99%
274+ Million Speakers French
97%
602+ Million Speakers Hindi
96%
1.1+ Billion Speakers Mandarin
96%
134.6 Million Speakers German
95%
258.2 Million Speakers Russian
93%
257.7 Million Speakers Portuguese
92%
274 Million Speakers Arabic
91%
125.4 Million Speakers Japanese
87%
88.1 Million Speakers Turkish
70%
231.3 Million Speakers Urdu
70%
272.7 Million Speakers Bengali
69%
199.0 Million Speakers Indonesian
67%
85.3 Million Speakers Vietnamese
66%
86.4 Million Speakers Tamil
42%
95.7 Million Speakers Telugu
27%
99.1 Million Speakers Marathi
25%
85.6 Million Speakers Yue Chinese
2%
120.7 Million Speakers Nigerian Pidgin
1%
No matching quizzes found
Score Distribution
Percent of People with Each Score
Percentile by Number Answered
Your Score History
You have not taken this quiz